Sport-Quiz: Amtierender Weltmeister im ... (Ende 2020) - Statistiken

Allgemein
  • Dieses Quiz wurde 1.848 mal gespielt
    1.629 seit der letzten Aktualisierung
  • Das Durchschnittsergebnis liegt bei 49 aus 59
Antwortstatistiken
Antwort % Korrekt
Frankreich
99%
Frankreich
99%
Frankreich
99%
Frankreich
99%
Deutschland
97%
Deutschland
97%
Deutschland
97%
Deutschland
97%
Deutschland
97%
Deutschland
97%
Deutschland
97%
Deutschland
97%
Deutschland
97%
Vereinigte Staaten
97%
Vereinigte Staaten
97%
Vereinigte Staaten
97%
Vereinigte Staaten
97%
Vereinigte Staaten
97%
Vereinigte Staaten
97%
Vereinigte Staaten
97%
Vereinigte Staaten
97%
Vereinigte Staaten
97%
Vereinigte Staaten
97%
Vereinigte Staaten
97%
Vereinigte Staaten
97%
China
91%
China
91%
China
91%
Spanien
91%
Spanien
91%
Norwegen
88%
Norwegen
88%
Schweden
87%
Schweden
87%
Kanada
86%
Dänemark
81%
Japan
80%
Japan
80%
Niederlande
78%
Niederlande
78%
Niederlande
78%
Russland
78%
Russland
78%
Russland
78%
Schweiz
76%
Schweiz
76%
Finnland
74%
Italien
74%
Vereinigtes Königreich
71%
Vereinigtes Königreich
71%
Australien
63%
Belgien
60%
Polen
59%
Südkorea
54%
Jamaika
40%
Serbien
40%
Neuseeland
34%
Ungarn
32%
Indonesien
20%
Keine übereinstimmenden Quizze gefunden
Verteilung der Resultate
Anzahl Personen mit jedem Resultat
Perzentil nach korrekt beantworteten Fragen
Ihre Resultats-Entwicklung
Sie haben dieses Quiz seit der letzten Aktualisierung nicht gespielt